Govt. of
Madhya Pradesh

हिन्‍दी साहित्‍य का इतिहास (Record no. 64340)

MARC details
000 -LEADER
fixed length control field 00437nam a22000977a 4500
100 ## - MAIN ENTRY--AUTHOR NAME
Personal name शुक्‍ल,आचार्य रामचन्‍द्र
245 ## - TITLE STATEMENT
Title हिन्‍दी साहित्‍य का इतिहास
260 ## - PUBLICATION, DISTRIBUTION, ETC. (IMPRINT)
Place of publication जयपुर
Name of publisher निकिता प्रकाशन
Year of publication 2018
650 ## - SUBJECT ADDED ENTRY--TOPICAL TERM
Topical Term हिन्‍दी साहित्‍य का इतिहास
942 ## - ADDED ENTRY ELEMENTS (KOHA)
Koha item type Hindi Books
Holdings
Withdrawn status Lost status Damaged status Not for loan Home library Current library Date acquired Cost, normal purchase price Full call number Accession Number Price effective from Koha item type
        MACL MACL 21/09/2021 450.00 800/CHU CRH038238 21/09/2021 Hindi Books